01568nam a2200277 a 4500008004100000020001800041050001800059100001800077245008300095260003700178300002200215350000900237490002200246650003100268650005100299700001700350995009200367995011900459995009200578995010000670995011900770999001700889952012500906952012501031952013401156120206s2006 ||||||||||||||||| || u a9781412902229 aLB 2395.3 Wal aWallace, Mike10aCritical reading and writng for postgraduatescby Mike Wallace and Alison Wray aLondon:bSAGE Publicationsc2006 axiii, 223p.: ill. a0.00 aSAGE Study Skills 0aREADING (HIGHER EDUCATION) 0aCRITICAL THINKING--STUDY AND TEACHING (HIGHER) aWray, Alison FCBU-MAIN LIBRARY (Kitwe)I0.00M2UAVAILABLEWJun 11, 2013ZAnnex Low-Usage Collection  FCBU-KAPASA MAKASA LIBRARY (Chinsali)I0.00M4UAVAILABLEWApr 5, 2017ZKapasa Makasa Library Open Acess Collection FCBU-MAIN LIBRARY (Kitwe)I0.00M3UAVAILABLEWJun 11, 2013ZAnnex Low-Usage Collection  FCBU-MAIN LIBRARY (Kitwe)I0.00M1UAVAILABLEWJun 11, 2013ZMain Library Open Access Collection FCBU-KAPASA MAKASA LIBRARY (Chinsali)I0.00M5UAVAILABLEWApr 5, 2017ZKapasa Makasa Library Open Acess Collection c62628d62628 00102lcc4070a001b001cAnnex Low-Usage Collectiond2022-12-15l0oLB 2395.3 Walp742789r2022-12-15w2022-12-15y002 00102lcc4070a001b001cAnnex Low-Usage Collectiond2022-12-15l0oLB 2395.3 Walp742790r2022-12-15w2022-12-15y002 00102lcc4070a001b001cMain Library Open Access Collectiond2022-12-15l0oLB 2395.3 Walp742788r2022-12-15w2022-12-15y002